000 00458nam a2200169 a 4500
001 0000-8735
003 ELIB.Books
008 110520 1974
035 _a(ELIB.Books)0000-8881
082 _a241
_bGus
100 _aGustafson, James M.
245 _aTheology and Christian Ethics
260 _bPhiladelphia: A Pilgrim Press Book
_c1974
650 _aDictionary of Christian Ethics
942 _2ddc
_cBK
998 _cbat
_e2011-05-20
999 _c8735
_d8735